Groupes politiques au Bundestag allemand - Statistiques

Statistiques générales
  • Ce quiz a été pris 10 fois
  • Le résultat moyen est 4 sur 7
Statistiques - réponses
Députés Groupe % Correct
152 Alternative fur Deutschland
100%
164 Christlich Demokratische Union Deutschlands
100%
120 Sozialdemokratische Partei Deutschlands
89%
64 Die Linke
44%
85 Bündnis 90/Die Grünen
33%
44 Christlich-soziale Union in Bayern
22%
1 Südschleswigscher Wählerverband
11%
Aucun quiz correspondant
Distribution des résultats
% des personnes avec chaque résultat
Percentile par nombre de réponses
Votre historique - résultats
Vous n’avez pas pris ce quiz